000 00344nam a22001457a 4500
008 211018b ||||| |||| 00| 0 eng d
020 _a9781111128616
041 _aeng
080 _24th
_a621
082 _a621
100 _a26
101 _aMEK
245 _aAutomotive Service Inspection, Maintenance, Repair
_cGilles,T
942 _2udc
_cBK
999 _c58253
_d58253